Fiscal Policy and financial markets

Bibliographic Details
Main Author: Akitoby, Bernardin.
Corporate Author: ProQuest (Firm)
Other Authors: Stratmann, Thomas.
Format: Electronic eBook
Language:English
Published: [Washington, D.C.] : International Monetary Fund, IMF Institute, 2006.
Series:IMF working paper ; WP/06/16.
Subjects:
Online Access:Click to View
LEADER 01363nam a2200361Ia 4500
001 EBC3014418
003 MiAaPQ
005 20200520144314.0
006 m o d |
007 cr cn|||||||||
008 061002s2006 dcu sb i000 0 eng d
035 |a (MiAaPQ)EBC3014418 
035 |a (Au-PeEL)EBL3014418 
035 |a (CaPaEBR)ebr10380793 
035 |a (CaONFJC)MIL383071 
035 |a (OCoLC)712989267 
040 |a MiAaPQ  |c MiAaPQ  |d MiAaPQ 
050 4 |a HJ192.5  |b .A55 2006 
100 1 |a Akitoby, Bernardin. 
245 1 0 |a Fiscal Policy and financial markets  |h [electronic resource] /  |c prepared by Bernardin Akitoby and Thomas Stratmann. 
260 |a [Washington, D.C.] :  |b International Monetary Fund, IMF Institute,  |c 2006. 
300 |a 24 p. 
490 1 |a IMF working paper ;  |v WP/06/16 
500 |a "January 2006." 
504 |a Includes bibliographical references. 
533 |a Electronic reproduction. Ann Arbor, MI : ProQuest, 2015. Available via World Wide Web. Access may be limited to ProQuest affiliated libraries. 
650 0 |a Fiscal policy  |x Econometric models. 
650 0 |a Capital market. 
655 4 |a Electronic books. 
700 1 |a Stratmann, Thomas. 
710 2 |a ProQuest (Firm) 
830 0 |a IMF working paper ;  |v WP/06/16. 
856 4 0 |u https://ebookcentral.proquest.com/lib/matrademy/detail.action?docID=3014418  |z Click to View